Wingdings Quiz - Numbers and Symbols - Statistics

General Stats
  • This quiz has been taken 41 times
  • The average score is 12 of 42
Answer Stats
Hint Answer % Correct
0 0
60%
1 1
53%
2 2
47%
4 4
47%
5 5
33%
6 6
33%
7 7
33%
9 9
33%
\ backslash \
33%
] close bracket ]
33%
: colon :
33%
- hyphen-minus -
33%
% percent %
33%
? question ?
33%
/ slash /
33%
3 3
27%
8 8
27%
` backtick `
27%
, comma ,
27%
" double quote "
27%
= equals =
27%
! exclamation !
27%
( open parenthesis (
27%
. period .
27%
' single quote '
27%
| vertical bar |
27%
* asterisk *
20%
@ at @
20%
^ caret ^
20%
} close braces }
20%
) close parenthesis )
20%
$ dollar $
20%
> greater than >
20%
< less than <
20%
# number #
20%
[ open bracket [
20%
; semicolon ;
20%
~ tilde ~
20%
_ underscore _
20%
& ampersand &
13%
{ open braces {
13%
+ plus +
13%
No matching quizzes found
Score Distribution
Percent of People with Each Score
Percentile by Number Answered
Your Score History
You have not taken this quiz